| 000 | 00430cam a22001337a 4500 | ||
|---|---|---|---|
| 008 | 180718b1996 xxu||||| |||| 00| 0 eng d | ||
| 082 | _aK9x54 K123i | ||
| 100 | _aKakar, Sudhir | ||
| 245 |
_aThe Indian psyche: the inner world shamans, mystics and doctors tales of love, sex and danger _cby Sudhir Kakar |
||
| 260 |
_aDelhi _bOxford University Press _c1996 |
||
| 300 | _a249p. | ||
| 650 | _aSocial psychology | ||
| 650 | _aPsychology | ||
| 999 |
_c380333 _d380333 |
||